| 000 | 00518nam a2200157 4500 | ||
|---|---|---|---|
| 001 | 126287 | ||
| 003 | ES-MaACL | ||
| 005 | 20230906192807.0 | ||
| 007 | t| | ||
| 008 | 070214s1952 cu r ||||1| spa d | ||
| 100 | 1 |
_aRemos y Rubio, Juan J. _996150 |
|
| 245 | 1 | 3 |
_aEl General Miró Argenter, guerrero y cronista de la invasión _b: discurso / _cpor el Dr. Juan J. Remos y Rubio. |
| 260 |
_aLa Habana : _bAcademia de la Historia de Cuba, _c1952. |
||
| 300 | _a38 p., 1 lám. | ||
| 852 |
_aES-MaACL _j1944-F-22 _bR.32688 |
||
| 999 |
_c126287 _d126287 |
||